000 00368nam a2200145Ia 4500
008 150201s2012 xx 000 0 und d
082 _a616.0707
_bO2012M
100 _aROBERT ,MARX
245 _aORAL & MAXILLOFACIAL PATHOLOGY
250 _a2ND
260 _bQUINTESSENCE PUBLICATION
_aCHICAGO
_c2012
300 _a1-482
650 _aORAL PATHOLOGY
942 _2ddc
_cBK
999 _c4773
_d4773